000 00729nam a2200241 a 4500
001 BRCA_5556
005 20190320205129.0
008 300311t1902----enka######---#000-0#ger-#
041 _ager
044 _aenk
050 4 _aN10 70
_b.M44 1
_c1902
245 1 0 _aDie Meisterwerke der National Gallery zu London
_ceinleinten den Text von Karl Voll.
260 _aLondon
_bHanfstaengl, Franz
_c1902
300 _aXX p.
_bils., 210 láminas
_c26 cm.
500 _aEjemplar Igual a F143
500 _aF31
650 1 4 _aNational Gallery (Londres)
_914179
650 1 4 _aPinturas
_xExposiciones
_914180
650 1 4 _aGalerías y museos
_zInglaterra
_914181
700 1 _aVoll, Karl
_d1867-1917
_914182
902 _aGFM
942 _2lcc
_cB
999 _c5250
_d5250